000 00551nam a2200169 i 4500
001 68464
003 ES-MaACL
005 20230906170306.0
007 t|
008 940202s1899 sp |||| | spa d
100 1 _aGarcía Sola, Eduardo.
_955306
245 1 3 _aLa supresión de universidades ante la crítica más elemental /
_cpor Eduardo Garcia Solá.
260 _aGranada :
_b[s.n.],
_c1899 (
_fImp. de Indalecio Ventura)
300 _a15 p. ;
_c22 cm.
650 4 _aEnseñanza superior-
_zEspaña-
_yS.XIX.
_9144821
852 _aES-MaACL
_jT-866-F-4
999 _c68464
_d68464